[Event "DOM-ch"]
[Site "Santo Domingo"]
[Date "2015.05.16"]
[Round "10"]
[White "Camacho Campusano, David Daniel"]
[Black "Fajardo, Sabas Felix"]
[Result "1/2-1/2"]
[WhiteElo "2026"]
[BlackElo "2071"]
[PlyCount "94"]
[EventDate "2015.05.01"]
[EventType "swiss"]
[EventRounds "11"]
[EventCountry "DOM"]
[SourceTitle "CBM 166 Extra"]
[Source "ChessBase"]
[SourceDate "2015.06.18"]
[SourceVersion "1"]
[SourceVersionDate "2015.06.18"]
[SourceQuality "1"]

1. e4 e6 2. d4 d5 3. Nc3 dxe4 4. Nxe4 Nd7 5. Nf3 Ngf6 6. Bd3 Nxe4 7. Bxe4 Nf6 8. Bg5 Be7 9. Bxf6 Bxf6 10. Qd3 h6 11. Bxb7 Bxb7 12. Qb5+ Qd7 13. Qxb7 0-0 14. Qe4 Qb5 15. b3 Qb4+ 16. Ke2 c5 17. a3 Qa5 18. b4 cxb4 19. axb4 Qxb4 20. Rhb1 Qc3 21. Qd3 Qc7 22. Rb5 Rfd8 23. Rab1 a5 24. h4 Qf4 25. g3 Qg4 26. Ke1 a4 27. c3 a3 28. Ra1 Rd5 29. Rxd5 exd5 30. Kd2 Qe6 31. Ne1 a2 32. Qc2 Qa6 33. Nd3 Qc4 34. Qb2 g5 35. hxg5 hxg5 36. Nc1 g4 37. Rxa2 Bg5+ 38. Kc2 Re8 39. Ra1 Qf1 40. Qb7 Qxf2+ 41. Kb3 Qf5 42. Na2 Rd8 43. Nb4 Qf3 44. Ra8 Qd1+ 45. Ka2 Qd2+ 46. Kb3 Qd1+ 47. Ka2 Qd2+ 1/2-1/2

[Event "DOM-ch"]
[Site "Santo Domingo"]
[Date "2015.05.10"]
[Round "8"]
[White "Diaz Garcia, Roberto"]
[Black "Fajardo, Sabas Felix"]
[Result "0-1"]
[WhiteElo "1924"]
[BlackElo "2071"]
[PlyCount "122"]
[EventDate "2015.05.01"]
[EventType "swiss"]
[EventRounds "11"]
[EventCountry "DOM"]
[SourceTitle "CBM 166 Extra"]
[Source "ChessBase"]
[SourceDate "2015.06.18"]
[SourceVersion "1"]
[SourceVersionDate "2015.06.18"]
[SourceQuality "1"]

1. e4 e6 2. d4 d5 3. Nd2 c5 4. exd5 Qxd5 5. dxc5 Bxc5 6. Ngf3 Nf6 7. Be2 Nc6 8. 0-0 Qh5 9. Nc4 0-0 10. Nfe5 Qh4 11. g3 Qd4 12. Nxc6 bxc6 13. Qxd4 Bxd4 14. c3 Bc5 15. Bf3 Ba6 16. Be2 Rab8 17. Re1 Ne4 18. Ne3 Bc8 19. Bf3 f5 20. b4 Bb6 21. Bxe4 fxe4 22. a4 Ba6 23. c4 Bd4 24. Rb1 Bc3 25. Ba3 Bxe1 26. Rxe1 Rf3 27. Rd1 Bc8 28. Rd6 h5 29. h4 e5 30. Rxc6 Bg4 31. b5 Rd8 32. Rd6 Rdf8 33. Ra6 R8f7 34. Bc5 Rxf2 35. Nxg4 Rf1+ 36. Kg2 hxg4 37. Rxa7 R7f3 38. b6 Rb1 39. a5 Rfb3 40. Ra8+ Kf7 41. Rf8+ Ke6 42. a6 e3 43. Bxe3 Rxe3 44. a7 Ra3 45. c5 Kd5 46. a8Q+ Rxa8 47. Rxa8 Kxc5 48. Re8 Kd5 49. Re7 Rb2+ 50. Kf1 Ke4 51. Rf7 g6 52. b7 Ke3 53. Rf6 Rxb7 54. Rxg6 Kf3 55. Rf6+ Kxg3 56. h5 Rb1+ 57. Ke2 Rh1 58. h6 Rh2+ 59. Ke3 Rh5 60. Ke2 Kh2 61. Kf2 g3+ 0-1

[Event "DOM-ch"]
[Site "Santo Domingo"]
[Date "2015.05.02"]
[Round "2"]
[White "Nieto Rodriguez, Alejandro"]
[Black "Fajardo, Sabas Felix"]
[Result "1-0"]
[WhiteElo "2248"]
[BlackElo "2071"]
[PlyCount "91"]
[EventDate "2015.05.01"]
[EventType "swiss"]
[EventRounds "11"]
[EventCountry "DOM"]
[SourceTitle "CBM 166 Extra"]
[Source "ChessBase"]
[SourceDate "2015.06.18"]
[SourceVersion "1"]
[SourceVersionDate "2015.06.18"]
[SourceQuality "1"]

1. c4 f5 2. g3 Nf6 3. Bg2 e6 4. Nf3 d5 5. 0-0 c6 6. d4 Be7 7. Nc3 0-0 8. Qd3 Ne4 9. Re1 Bd7 10. Ne5 Be8 11. f3 Nd6 12. e4 dxe4 13. fxe4 Nd7 14. Nxd7 Qxd7 15. e5 Nf7 16. d5 Bc5+ 17. Kh1 a6 18. Bd2 h6 19. b3 Ng5 20. h4 Qf7 21. Qe2 Ne4 22. Nxe4 fxe4 23. Qxe4 cxd5 24. cxd5 Qf2 25. Be3 Qxg3 26. Bxc5 Rf4 27. Qe3 Rxh4+ 28. Kg1 Qh2+ 29. Kf1 Bb5+ 30. Re2 Bxe2+ 31. Qxe2 Rf4+ 32. Ke1 Qg3+ 33. Kd2 Rf5 34. Re1 b6 35. Bd4 Qg5+ 36. Kc2 Rc8+ 37. Kb1 Rf4 38. Bb2 Qf5+ 39. Be4 Qh3 40. d6 Qg3 41. d7 Rd8 42. Rd1 Rf2 43. Qc4 Qh2 44. Qxe6+ Kh8 45. Qe8+ Rf8 46. Qg6 1-0